Kumpulan nama pilihan dalam Islam

Bibliographic Details
Main Author: Muhammad Haji Amat, Dato' (Author)
Format: Book
Published: Kuala Lumpur : Perkim , 1990
Subjects:

MARC

LEADER 00000cam a2200000 7i4500
001 0000006121
005 20190731093000.0
090 0 0 |a CS2970   |b .M6 
100 0 |a Muhammad Haji Amat, Dato' ,   |e author 
245 0 0 |a Kumpulan nama pilihan dalam Islam   |c susunan Dato' Haji Mohamed bin Haji Amat 
260 2 |a Kuala Lumpur :   |b Perkim ,   |c 1990 
300 |a 59 ms. ;   |c 18 sm. 
650 0 |a Names, Personal   |x Islamic 
999 |a 1000072375   |b Book   |c OPEN SHELF (30 DAYS)   |e Gong Badak Campus